[Event "EU-ch Rapid (Women)"]
[Site "Monaco"]
[Date "2024.01.13"]
[Round "4"]
[White "Collado Barbas, Laura"]
[Black "Navrotescu, Andreea Cristiana"]
[Result "0-1"]
[WhiteElo "2037"]
[BlackElo "2222"]
[PlyCount "82"]
[EventDate "2024.01.13"]
[EventType "swiss (rapid)"]
[EventRounds "11"]
[EventCountry "MNC"]
[SourceTitle "CB03_2024"]
[SourceDate "2024.01.17"]
[SourceVersion "1"]
[SourceVersionDate "2024.01.17"]
[SourceQuality "1"]

1. d4 d5 2. c4 e6 3. Nc3 Nf6 4. cxd5 exd5 5. Bg5 Be7 6. e3 0-0 7. Bd3 Re8 8. Qc2 h6 9. Bh4 c5 10. Nge2 Nc6 11. a3 c4 12. Bf5 a6 13. 0-0 b5 14. Bxc8 Rxc8 15. Bxf6 Bxf6 16. Nf4 Ne7 17. Rad1 g6 18. Rfe1 Bg7 19. Qe2 Qd7 20. Qf3 Red8 21. e4 dxe4 22. Nxe4 Nf5 23. Ne2 Qa7 24. d5 Bxb2 25. N2c3 Bxa3 26. Nf6+ Kg7 27. Nce4 Bb2 28. Nh5+ Kf8 29. Nf4 Kg8 30. g4 Nd6 31. Qh3 Nxe4 32. Rxe4 Bg7 33. Rde1 c3 34. Re7 Qd4 35. Qf3 Qf6 36. Qe3 c2 37. Nd3 Rxd5 38. Nb4 Rdd8 39. Na2 Rd1 40. Nc1 Rcd8 41. Re4 Rxe1+ 0-1

[Event "EU-ch Blitz (Women)"]
[Site "Monaco"]
[Date "2024.01.12"]
[Round "5"]
[White "Rudzinska, Michalina"]
[Black "Collado Barbas, Laura"]
[Result "1-0"]
[WhiteElo "2241"]
[BlackElo "2037"]
[PlyCount "57"]
[EventDate "2024.01.12"]
[EventType "swiss (blitz)"]
[EventRounds "13"]
[EventCountry "MNC"]
[SourceTitle "CB03_2024"]
[SourceDate "2024.01.17"]
[SourceVersion "1"]
[SourceVersionDate "2024.01.17"]
[SourceQuality "1"]

1. e4 e6 2. d4 d5 3. Bd3 dxe4 4. Bxe4 Nf6 5. Bf3 Nbd7 6. Ne2 c5 7. Nbc3 cxd4 8. Nxd4 a6 9. Be3 Bc5 10. Qe2 0-0 11. 0-0-0 Qe7 12. g4 Bxd4 13. Bxd4 e5 14. g5 Ne8 15. Rhe1 Qxg5+ 16. Be3 Qe7 17. Rg1 Ndf6 18. Bg5 Bf5 19. Be4 Bg6 20. h4 Qc5 21. Be3 Qe7 22. Nd5 Nxd5 23. Bxd5 Rc8 24. c3 Nf6 25. Bg5 Rfd8 26. h5 Bxh5 27. Qxh5 Nxh5 28. Bxe7 Re8 29. Bg5 1-0

[Event "Alicante IRT op 15th"]
[Site "Alicante"]
[Date "2021.09.26"]
[Round "7"]
[White "Collado Barbas, Laura"]
[Black "Dura Olmos, Gines Raul"]
[Result "1/2-1/2"]
[WhiteElo "2024"]
[BlackElo "1953"]
[PlyCount "87"]
[EventDate "2021.09.24"]
[EventType "swiss"]
[EventRounds "7"]
[EventCountry "ESP"]
[SourceTitle "CBM 204 Extra"]
[Source "ChessBase"]
[SourceDate "2021.11.30"]
[SourceVersion "1"]
[SourceVersionDate "2021.11.30"]
[SourceQuality "1"]

1. d4 c5 2. d5 g6 3. c4 Bg7 4. Nc3 Bxc3+ 5. bxc3 f5 6. e4 fxe4 7. f3 e5 8. Nh3 Qf6 9. fxe4 d6 10. Nf2 Qg7 11. Be2 Nf6 12. 0-0 Nbd7 13. Qd3 Nb6 14. Bg5 Bd7 15. Bxf6 Qxf6 16. Ng4 Qg5 17. Nf6+ Ke7 18. Nxd7 Nxd7 19. Qh3 Raf8 20. Rxf8 Rxf8 21. Qxh7+ Kd8 22. Qh3 Qd2 23. Qd3 Qh6 24. Rb1 Kc7 25. Bf3 Nb6 26. h3 Rf6 27. Rf1 Qg5 28. Kf2 Qh6 29. Ke2 Qf8 30. Kd2 Rf4 31. Kc1 Na4 32. Re1 Qh6 33. Kc2 Qh4 34. Re2 Nb6 35. Kb3 Qe7 36. Kb2 Qe8 37. Rc2 Qa4 38. Be2 Qe8 39. Ka1 Qa4 40. Kb2 Qe8 41. Kc1 Qf7 42. Bf3 Qe8 43. Be2 Qf7 44. Bf3 1/2-1/2

[Event "Women's Day Play Magnus"]
[Site "chess24.com INT"]
[Date "2021.03.07"]
[Round "6.3"]
[White "Collado Barbas, Laura"]
[Black "Durrfeld, Sofie Bech"]
[Result "0-1"]
[WhiteElo "2024"]
[BlackElo "1793"]
[PlyCount "112"]
[EventDate "2021.03.07"]
[EventType "team-tourn (blitz)"]
[EventRounds "7"]
[EventCountry "GER"]
[SourceTitle "CBM 201 Extra"]
[Source "ChessBase"]
[SourceDate "2021.05.31"]
[SourceVersion "1"]
[SourceVersionDate "2021.05.31"]
[SourceQuality "1"]
[WhiteTeam "Spain chess24"]
[BlackTeam "CoChess #2"]
[WhiteTeamCountry "ESP"]
[BlackTeamCountry "DEN"]

1. d4 Nf6 2. c4 e6 3. Nc3 Bb4 4. Qc2 b5 5. c5 Bb7 6. Bg5 0-0 7. e3 a6 8. Bxf6 Qxf6 9. Nf3 Bxf3 10. gxf3 Qxf3 11. Rg1 Nc6 12. Bd3 g6 13. Rg3 Bxc3+ 14. Qxc3 Qh1+ 15. Bf1 Qxh2 16. Rh3 Qg1 17. e4 f5 18. e5 f4 19. 0-0-0 b4 20. Qf3 Nxd4 21. Rxd4 Qxf1+ 22. Rd1 Qc4+ 23. Kb1 a5 24. Rdh1 Rf7 25. Qg4 Qe4+ 26. Ka1 Qxe5 27. Rh5 Qf6 28. Rh6 Rg7 29. Qh3 Qf7 30. Qf3 a4 31. Qxa8+ Qf8 32. Qxf8+ Kxf8 33. Rxh7 Rg8 34. Rh8 Rxh8 35. Rxh8+ Kg7 36. Ra8 Kf6 37. Rxa4 Ke5 38. Rxb4 Kd5 39. Rb7 Kc6 40. Rb8 d6 41. Rg8 dxc5 42. Rxg6 Kd6 43. Rf6 Kd5 44. Rf8 Kd6 45. Rc8 Kc6 46. Rf8 Kd6 47. Rxf4 Kc6 48. Rh4 Kd6 49. Rh7 Kd5 50. a4 Kd6 51. a5 Ke5 52. a6 Kd6 53. a7 Kd5 54. a8Q+ c6 55. Qd8+ Kc4 56. Rh4+ Kb5 0-1

[Event "ESP-ch rapid"]
[Site "Linares"]
[Date "2019.08.24"]
[Round "4"]
[White "Habans Aguerrea, Javier"]
[Black "Collado Barbas, Laura"]
[Result "1-0"]
[WhiteElo "2062"]
[BlackElo "2070"]
[PlyCount "63"]
[EventDate "2019.08.24"]
[EventType "swiss (rapid)"]
[EventRounds "9"]
[EventCountry "ESP"]
[SourceTitle "EXT 2020"]
[Source "ChessBase"]
[SourceDate "2019.10.17"]
[SourceVersion "1"]
[SourceVersionDate "2019.10.17"]
[SourceQuality "1"]

1. d4 d5 2. c4 e6 3. Nf3 c6 4. Nbd2 f5 5. Ne5 Bd6 6. Ndf3 Nd7 7. Bf4 dxc4 8. Nxc6 Qc7 9. Bxd6 Qxd6 10. Nce5 Ngf6 11. Nxc4 Qb4+ 12. Nfd2 0-0 13. a3 Qb5 14. e3 Qd5 15. Qf3 Ne4 16. Bd3 b5 17. Na5 Ne5 18. dxe5 Qxd3 19. Qe2 Qd5 20. Nxe4 fxe4 21. 0-0 Qxe5 22. Nc6 Qg5 23. Rac1 a6 24. Qc2 Bb7 25. Qxe4 Rae8 26. Qe5 Rf5 27. Qc7 Rf7 28. Qb6 Rc8 29. Rc5 Qg6 30. f3 e5 31. Rfc1 Kh8 32. Nxe5 1-0

[Event "ESP-ch rapid"]
[Site "Linares"]
[Date "2019.08.24"]
[Round "2"]
[White "Reinaldo Castineira, Roi"]
[Black "Collado Barbas, Laura"]
[Result "1-0"]
[WhiteElo "2467"]
[BlackElo "2070"]
[PlyCount "63"]
[EventDate "2019.08.24"]
[EventType "swiss (rapid)"]
[EventRounds "9"]
[EventCountry "ESP"]
[SourceTitle "EXT 2020"]
[Source "ChessBase"]
[SourceDate "2019.10.17"]
[SourceVersion "1"]
[SourceVersionDate "2019.10.17"]
[SourceQuality "1"]

1. e4 e6 2. d3 d5 3. Qe2 Ne7 4. Nf3 d4 5. g3 c5 6. Bg2 Nbc6 7. e5 Ng6 8. 0-0 Be7 9. h4 f6 10. exf6 Bxf6 11. Nbd2 0-0 12. Ne4 Qe7 13. h5 Nge5 14. Nxe5 Nxe5 15. Bf4 Nf7 16. Rae1 Re8 17. h6 g6 18. Qf3 Bh8 19. g4 e5 20. Bd2 Rf8 21. Qg3 g5 22. Qh3 Bf6 23. Ng3 Qe6 24. Nf5 Qxa2 25. Qh5 Be6 26. Ng7 Bxg4 27. Qxg4 Nxh6 28. Qe6+ Qxe6 29. Nxe6 Rf7 30. Nxg5 Bxg5 31. Bxg5 Kg7 32. Rxe5 1-0

[Event "Iberoamerican-ch 7th"]
[Site "Linares"]
[Date "2019.08.15"]
[Round "6"]
[White "Balbuena Fuentes, Mario"]
[Black "Collado Barbas, Laura"]
[Result "1-0"]
[WhiteElo "2268"]
[BlackElo "2070"]
[PlyCount "101"]
[EventDate "2019.08.10"]
[EventType "swiss"]
[EventRounds "9"]
[EventCountry "ESP"]
[SourceTitle "CBM 191 Extra"]
[Source "ChessBase"]
[SourceDate "2019.09.30"]
[SourceVersion "1"]
[SourceVersionDate "2019.09.30"]
[SourceQuality "1"]

1. e4 e6 2. d4 d5 3. Nd2 Nf6 4. e5 Nfd7 5. c3 c5 6. Bd3 Nc6 7. Ne2 cxd4 8. cxd4 f6 9. Nf4 Nxd4 10. Qh5+ Ke7 11. exf6+ Nxf6 12. Ng6+ hxg6 13. Qxh8 Kf7 14. 0-0 e5 15. Nb3 Nxb3 16. axb3 Bf5 17. Bxf5 gxf5 18. Bg5 Bc5 19. Qh3 g6 20. b4 Bb6 21. Qb3 Qd6 22. Be3 Rd8 23. Rfc1 Kg7 24. Bxb6 axb6 25. Qc3 Rd7 26. Ra8 d4 27. Qc8 Qxb4 28. h3 Kf7 29. Rc7 Qe7 30. Rxd7 Qxd7 31. Qxd7+ Nxd7 32. Ra7 e4 33. Rxb7 Ke6 34. Kf1 Kd6 35. Ke2 f4 36. b3 Kc6 37. Ra7 Ne5 38. Ra8 g5 39. Rd8 Kc5 40. Kd2 e3+ 41. fxe3 fxe3+ 42. Ke2 Nc6 43. Rg8 Kb4 44. Rg6 Na5 45. Kd3 Nxb3 46. Rxb6+ Ka3 47. g3 Ka2 48. Rb5 Nd2 49. h4 gxh4 50. gxh4 Ne4 51. Re5 1-0

[Event "Madrid-ch sf"]
[Site "Madrid"]
[Date "2019.05.13"]
[Round "8"]
[White "Gonzalez Rivera, Eduardo"]
[Black "Collado Barbas, Laura"]
[Result "0-1"]
[WhiteElo "1998"]
[BlackElo "2048"]
[PlyCount "94"]
[EventDate "2019.05.06"]
[EventType "swiss"]
[EventRounds "9"]
[EventCountry "ESP"]
[SourceTitle "CBM 190 Extra"]
[Source "ChessBase"]
[SourceDate "2019.07.15"]
[SourceVersion "1"]
[SourceVersionDate "2019.07.15"]
[SourceQuality "1"]

1. e4 e6 2. d4 d5 3. Nd2 Nf6 4. e5 Nfd7 5. f4 c5 6. c3 Nc6 7. Ndf3 c4 8. g3 b5 9. h4 Nb6 10. Ne2 b4 11. cxb4 Nxb4 12. Nc3 Bd7 13. h5 Be7 14. a3 Nc6 15. Bh3 Na5 16. Be3 Nb3 17. Rb1 Na4 18. Nxa4 Bxa4 19. Qe2 Qb6 20. 0-0 Rc8 21. f5 Rc6 22. Qf2 exf5 23. Bxf5 h6 24. Bc2 0-0 25. Nh2 Bg5 26. Bxg5 hxg5 27. Rbd1 Rh6 28. g4 Bd7 29. Qe3 Na5 30. Rf2 Nc6 31. Kg2 Qd8 32. Bf5 Be6 33. Rdf1 Bxf5 34. gxf5 Rxh5 35. f6 g6 36. Nf3 Qd7 37. Nh2 Nd8 38. Qg3 Ne6 39. Nf3 Nf4+ 40. Kg1 Nh3+ 41. Kg2 Nxf2 42. Rxf2 Qa4 43. Nxg5 Qd1 44. Nh3 Qxd4 45. Re2 Qh4 46. Qf3 Rf5 47. Qe3 Re8 0-1

[Event "Madrid-ch sf"]
[Site "Madrid"]
[Date "2019.05.11"]
[Round "6"]
[White "Mkrtchyan, Levon"]
[Black "Collado Barbas, Laura"]
[Result "1-0"]
[WhiteElo "2168"]
[BlackElo "2048"]
[PlyCount "99"]
[EventDate "2019.05.06"]
[EventType "swiss"]
[EventRounds "9"]
[EventCountry "ESP"]
[SourceTitle "CBM 190 Extra"]
[Source "ChessBase"]
[SourceDate "2019.07.15"]
[SourceVersion "1"]
[SourceVersionDate "2019.07.15"]
[SourceQuality "1"]

1. e4 e6 2. d4 d5 3. Nc3 Bb4 4. e5 b6 5. a3 Bf8 6. f4 Ne7 7. Nf3 Ba6 8. Bxa6 Nxa6 9. Qd3 Nb8 10. 0-0 h5 11. Be3 Nf5 12. Bf2 c5 13. Ne2 c4 14. Qd2 h4 15. g4 hxg3 16. hxg3 Be7 17. Kg2 Nh6 18. Rh1 Kd7 19. Be3 Nc6 20. Rh3 b5 21. Rah1 Rg8 22. Nh2 Nf5 23. g4 Nxe3+ 24. Qxe3 b4 25. a4 Qa5 26. b3 cxb3 27. cxb3 Qb6 28. Nf3 Na5 29. Rc1 Qa6 30. Kf2 Rac8 31. Rxc8 Rxc8 32. Ne1 Qc6 33. Rh7 Rg8 34. f5 Qb6 35. Nf3 Ke8 36. Qd3 exf5 37. gxf5 Qc6 38. Nf4 a6 39. Ne2 f6 40. Rh1 fxe5 41. dxe5 Qb6+ 42. Kg2 Qc6 43. Rc1 Qb7 44. Nf4 d4 45. Ne6 Kf7 46. Rc7 Qa8 47. Neg5+ Kf8 48. Qxd4 Nxb3 49. Nh7+ Kf7 50. e6+ 1-0

[Event "Madrid-ch sf"]
[Site "Madrid"]
[Date "2019.05.08"]
[Round "3"]
[White "Collado Barbas, Laura"]
[Black "Vazquez Gonzalez, Jesus"]
[Result "1/2-1/2"]
[WhiteElo "2048"]
[BlackElo "1901"]
[PlyCount "101"]
[EventDate "2019.05.06"]
[EventType "swiss"]
[EventRounds "9"]
[EventCountry "ESP"]
[SourceTitle "CBM 190 Extra"]
[Source "ChessBase"]
[SourceDate "2019.07.15"]
[SourceVersion "1"]
[SourceVersionDate "2019.07.15"]
[SourceQuality "1"]

1. d4 c5 2. d5 g6 3. c4 Bg7 4. Nc3 d6 5. e4 e5 6. Bd3 Ne7 7. h4 h6 8. h5 g5 9. g4 a6 10. f3 Bd7 11. a3 Qc7 12. Qe2 f6 13. Be3 0-0 14. Kf2 Rc8 15. b4 b6 16. Qc2 Ra7 17. bxc5 bxc5 18. a4 Rb7 19. a5 Be8 20. Nge2 Nd7 21. Ra2 Rcb8 22. Qc1 Bf8 23. Bd2 Bg7 24. Ng3 Kh7 25. Nf5 Bf8 26. Na4 Nxf5 27. exf5 Be7 28. Nc3 Rb3 29. Bc2 R3b4 30. Qf1 Rb2 31. Rxb2 Rxb2 32. Qd3 Nf8 33. Re1 Kg7 34. Ne4 Nh7 35. Bc3 Rb7 36. Kg3 Qd7 37. Ra1 Qd8 38. Bd2 Qb8 39. Kh3 Qc8 40. Kg3 Qb8 41. Nc3 Nf8 42. Kh3 Nh7 43. Na4 Nf8 44. Nb6 Nd7 45. Nxd7 Bxd7 46. Qe4 Qe8 47. Kg3 Bd8 48. Kg2 Rb2 49. Bc3 Rb7 50. Qd3 Rb8 51. Qe4 1/2-1/2

[Event "Madrid-ch sf"]
[Site "Madrid"]
[Date "2019.05.06"]
[Round "1"]
[White "Collado Barbas, Laura"]
[Black "Largo Barbero, Benito"]
[Result "1-0"]
[WhiteElo "2048"]
[BlackElo "1878"]
[PlyCount "73"]
[EventDate "2019.05.06"]
[EventType "swiss"]
[EventRounds "9"]
[EventCountry "ESP"]
[SourceTitle "CBM 190 Extra"]
[Source "ChessBase"]
[SourceDate "2019.07.15"]
[SourceVersion "1"]
[SourceVersionDate "2019.07.15"]
[SourceQuality "1"]

1. d4 Nf6 2. c4 e5 3. dxe5 Ng4 4. Bf4 Nc6 5. Nf3 Bb4+ 6. Nbd2 Qe7 7. a3 Ngxe5 8. Nxe5 Nxe5 9. e3 Bc5 10. Be2 d6 11. Qb3 a6 12. Qc3 0-0 13. h4 Bd7 14. h5 b5 15. h6 g6 16. Ne4 Ba7 17. Bxe5 dxe5 18. cxb5 Bxb5 19. Bxb5 axb5 20. Qc6 f5 21. Nc3 f4 22. Nd5 Qf7 23. Qxc7 fxe3 24. Qxf7+ Rxf7 25. fxe3 Rc8 26. Rd1 Rc2 27. Rf1 Rxf1+ 28. Kxf1 Rxb2 29. Rc1 Rb3 30. Nf6+ Kf7 31. Nxh7 Bxe3 32. Rc7+ Ke6 33. Nf8+ Kf5 34. h7 Rb1+ 35. Ke2 Rh1 36. Kxe3 g5 37. Rg7 1-0

[Event "Madrid-chT 1718"]
[Site "Madrid"]
[Date "2018.01.21"]
[Round "6.24"]
[White "Collado Barbas, Laura"]
[Black "Rabadan Velasco, Raul"]
[Result "1-0"]
[WhiteElo "2111"]
[BlackElo "2207"]
[PlyCount "45"]
[EventDate "2017.11.19"]
[EventType "team-tourn"]
[EventRounds "14"]
[EventCountry "ESP"]
[SourceTitle "EXT 2019"]
[Source "ChessBase"]
[SourceDate "2018.10.10"]
[SourceVersion "1"]
[SourceVersionDate "2018.10.10"]
[SourceQuality "1"]
[WhiteTeam "La Casa del Ajedrez"]
[BlackTeam "Virgen de Atocha"]
[WhiteTeamCountry "ESP"]
[BlackTeamCountry "ESP"]

1. d4 e6 2. c4 Bb4+ 3. Nc3 f5 4. g3 Nf6 5. Bg2 0-0 6. Nh3 Ne4 7. Qd3 Nxc3 8. bxc3 Be7 9. e4 Nc6 10. 0-0 d6 11. exf5 exf5 12. Re1 g5 13. Qe3 f4 14. gxf4 g4 15. Ng5 Bxg5 16. fxg5 Bf5 17. Bd2 Qd7 18. Bd5+ Kh8 19. Qg3 Na5 20. Bf4 c6 21. Bxd6 cxd5 22. Re7 Qxe7 23. Bxe7 1-0

[Event "Madrid-chT 1718"]
[Site "Madrid"]
[Date "2017.12.02"]
[Round "3.44"]
[White "Collado Barbas, Laura"]
[Black "Ruperez Benito, Antonio"]
[Result "1/2-1/2"]
[WhiteElo "2111"]
[BlackElo "2348"]
[PlyCount "143"]
[EventDate "2017.11.19"]
[EventType "team-tourn"]
[EventRounds "14"]
[EventCountry "ESP"]
[SourceTitle "EXT 2019"]
[Source "ChessBase"]
[SourceDate "2018.10.10"]
[SourceVersion "1"]
[SourceVersionDate "2018.10.10"]
[SourceQuality "1"]
[WhiteTeam "La Casa del Ajedrez"]
[BlackTeam "Villalba 64"]
[WhiteTeamCountry "ESP"]
[BlackTeamCountry "ESP"]

1. d4 e6 2. c4 d5 3. Nc3 Nf6 4. cxd5 exd5 5. Bg5 Be7 6. e3 c6 7. Qc2 Nbd7 8. Bd3 0-0 9. Nge2 Re8 10. 0-0 Nf8 11. f3 Ng6 12. Rae1 c5 13. b3 Be6 14. Bb5 Rf8 15. f4 Ng4 16. Bxe7 Nxe7 17. Ng3 cxd4 18. exd4 Qb6 19. Qd2 Nh6 20. Re5 Ng4 21. Ree1 a6 22. Bd7 Bxd7 23. Rxe7 Qd6 24. Rfe1 Rac8 25. h3 Nf6 26. R7e5 Qb4 27. R1e3 Rc7 28. Nge2 Bb5 29. Qd1 Bxe2 30. Nxe2 Rfc8 31. Kh2 h6 32. Qd3 Qd6 33. Qf5 g6 34. Qd3 Nd7 35. Re7 Nf6 36. R7e5 Rc2 37. a4 Ne4 38. Re8+ Kg7 39. Rxc8 Rxc8 40. Qd1 Qf6 41. Qf1 Rc2 42. Qf3 a5 43. Qf1 Qd6 44. Kg1 Qb4 45. f5 Rxe2 46. Qxe2 Qxd4 47. fxg6 fxg6 48. Kh1 Qe5 49. Kg1 Qd4 50. Kh2 Qe5+ 51. g3 h5 52. Kg2 b6 53. Qf3 Qf6 54. Qxf6+ Kxf6 55. Kf3 Ke5 56. Ke2 g5 57. Kd3 h4 58. gxh4 gxh4 59. Rf3 Ng5 60. Re3+ Kd6 61. Kd4 Ne6+ 62. Kd3 Ng5 63. Re8 Nxh3 64. Rh8 Nf4+ 65. Ke3 Ne6 66. Rxh4 Kc5 67. Kd3 Nd8 68. Kc3 Nc6 69. Rh5 Nb4 70. Re5 Na2+ 71. Kb2 Nb4 72. Kc3 1/2-1/2

[Event "Madrid-chT 1617"]
[Site "Madrid"]
[Date "2017.03.05"]
[Round "12.25"]
[White "Collado Barbas, Laura"]
[Black "Ortega Ruiz, Jose Miguel"]
[Result "0-1"]
[WhiteElo "2096"]
[BlackElo "2233"]
[PlyCount "78"]
[EventDate "2016.11.20"]
[EventType "team-tourn"]
[EventRounds "14"]
[EventCountry "ESP"]
[SourceTitle "EXT 2018"]
[Source "ChessBase"]
[SourceDate "2017.10.13"]
[SourceVersion "1"]
[SourceVersionDate "2017.10.13"]
[SourceQuality "1"]
[WhiteTeam "La Casa del Ajedrez"]
[BlackTeam "Collado Villalba"]
[WhiteTeamCountry "ESP"]
[BlackTeamCountry "ESP"]

1. d4 Nf6 2. c4 e6 3. Nc3 c5 4. d5 exd5 5. cxd5 a6 6. a4 d6 7. e4 g6 8. h3 Bg7 9. Nf3 0-0 10. Bd3 Nbd7 11. 0-0 Re8 12. Re1 Qe7 13. Bf4 Nh5 14. Bh2 Ne5 15. Be2 Nf6 16. Nd2 g5 17. Bxe5 Qxe5 18. Nf3 Qe7 19. Nxg5 h6 20. Nf3 Nh5 21. Qd2 Qf6 22. Nh2 Nf4 23. Bg4 h5 24. Bxc8 Qg5 25. Qxf4 Qxf4 26. Bf5 b5 27. Re3 b4 28. Ne2 Qe5 29. Rb1 c4 30. Rg3 Kf8 31. Nf3 Qxf5 32. exf5 Rxe2 33. Rc1 c3 34. bxc3 b3 35. Rb1 b2 36. Ng5 Be5 37. Rd3 Rc8 38. Re3 Rxe3 39. fxe3 Rxc3 0-1

[Event "Madrid-chT 1617"]
[Site "Madrid"]
[Date "2017.01.22"]
[Round "6.46"]
[White "Collado Barbas, Laura"]
[Black "Pablos Tenrero, Raquel"]
[Result "1-0"]
[WhiteElo "2096"]
[BlackElo "2033"]
[PlyCount "111"]
[EventDate "2016.11.20"]
[EventType "team-tourn"]
[EventRounds "14"]
[EventCountry "ESP"]
[SourceTitle "EXT 2018"]
[Source "ChessBase"]
[SourceDate "2017.10.13"]
[SourceVersion "1"]
[SourceVersionDate "2017.10.13"]
[SourceQuality "1"]
[WhiteTeam "La Casa del Ajedrez"]
[BlackTeam "Liberty Chess"]
[WhiteTeamCountry "ESP"]
[BlackTeamCountry "ESP"]

1. d4 Nf6 2. c4 e6 3. Nc3 Bb4 4. Qc2 0-0 5. e4 d5 6. e5 Ne4 7. Bd3 c5 8. Nf3 cxd4 9. Nxd4 Qb6 10. Nf3 Qa5 11. 0-0 Bxc3 12. bxc3 Bd7 13. a4 h6 14. Ba3 Nc5 15. Bb4 Qc7 16. cxd5 exd5 17. a5 Rc8 18. Rfd1 Be6 19. Bf5 Nba6 20. Bxe6 Nxe6 21. Qf5 Qc4 22. Rab1 Nxb4 23. cxb4 a6 24. g3 Qe4 25. Qxe4 dxe4 26. Nd2 Ng5 27. h4 Nf3+ 28. Nxf3 exf3 29. Rd3 Re8 30. Re1 Rad8 31. Rxf3 Rd5 32. Rfe3 g5 33. hxg5 hxg5 34. Re4 Re6 35. f4 gxf4 36. gxf4 Rd2 37. f5 Rh6 38. Rg4+ Kf8 39. e6 fxe6 40. fxe6 Rh7 41. Rc4 Rd8 42. Rf1+ Ke8 43. Rcf4 Rd2 44. Rc1 Rg7+ 45. Kf1 Re7 46. Rf6 Rd6 47. Rc8+ Rd8 48. Rc4 Rd6 49. Re4 Rd2 50. Rh4 Rg7 51. Rhf4 Ke7 52. Rh6 Rd6 53. Re4 Rd2 54. Rc4 Rgg2 55. Rc7+ Kd8 56. e7+ 1-0

[Event "Madrid-chT 1617"]
[Site "Madrid"]
[Date "2017.01.15"]
[Round "5.46"]
[White "Collado Barbas, Laura"]
[Black "Ortega Ruiz, Jose Miguel"]
[Result "1-0"]
[WhiteElo "2096"]
[BlackElo "2233"]
[PlyCount "65"]
[EventDate "2016.11.20"]
[EventType "team-tourn"]
[EventRounds "14"]
[EventCountry "ESP"]
[SourceTitle "EXT 2018"]
[Source "ChessBase"]
[SourceDate "2017.10.13"]
[SourceVersion "1"]
[SourceVersionDate "2017.10.13"]
[SourceQuality "1"]
[WhiteTeam "La Casa del Ajedrez"]
[BlackTeam "Collado Villalba"]
[WhiteTeamCountry "ESP"]
[BlackTeamCountry "ESP"]

1. d4 g6 2. c4 Bg7 3. Nc3 c5 4. d5 Bxc3+ 5. bxc3 f5 6. e4 fxe4 7. f3 Qa5 8. Qc2 d6 9. fxe4 Nd7 10. Nf3 Ngf6 11. Bd3 Ne5 12. Nxe5 dxe5 13. 0-0 Rf8 14. Bg5 Qa6 15. Qf2 Qd6 16. Bh6 Rf7 17. Be3 b6 18. a4 a5 19. h3 Ra7 20. Rab1 Rc7 21. Qh4 Bd7 22. g4 Kf8 23. Bh6+ Kg8 24. Rf2 Be8 25. Rbf1 Nd7 26. g5 Rf4 27. Rxf4 exf4 28. Rxf4 Bf7 29. Qf2 Ne5 30. Be2 e6 31. Rf6 Re7 32. Bg4 Qc7 33. dxe6 1-0

[Event "Madrid-chT 1617"]
[Site "Madrid"]
[Date "2016.11.20"]
[Round "1.25"]
[White "Gonzalez Rivera, Eduardo"]
[Black "Collado Barbas, Laura"]
[Result "0-1"]
[WhiteElo "2040"]
[BlackElo "2096"]
[PlyCount "58"]
[EventDate "2016.11.20"]
[EventType "team-tourn"]
[EventRounds "14"]
[EventCountry "ESP"]
[SourceTitle "EXT 2018"]
[Source "ChessBase"]
[SourceDate "2017.10.13"]
[SourceVersion "1"]
[SourceVersionDate "2017.10.13"]
[SourceQuality "1"]
[WhiteTeam "Moratalaz"]
[BlackTeam "La Casa del Ajedrez"]
[WhiteTeamCountry "ESP"]
[BlackTeamCountry "ESP"]

1. e4 e6 2. d4 d5 3. Nd2 Nf6 4. e5 Nfd7 5. f4 c5 6. c3 Nc6 7. Ndf3 Qb6 8. Ne2 cxd4 9. cxd4 Bb4+ 10. Kf2 Be7 11. g3 g5 12. fxg5 Ndxe5 13. Nxe5 Nxe5 14. Kg2 Nc6 15. b3 e5 16. h4 Bg4 17. Bb2 e4 18. Kh2 h6 19. gxh6 Rxh6 20. Qd2 Rh7 21. Bg2 0-0-0 22. Rac1 Rg8 23. Bh3 Bxh3 24. Kxh3 Qc7 25. Qf4 Rxh4+ 26. gxh4 Qd7+ 27. Kh2 Bd6 28. Rhg1 Bxf4+ 29. Nxf4 Rg4 0-1

[Event "ESP-chT CECLUB Div2"]
[Site "Linares"]
[Date "2016.08.20"]
[Round "6"]
[White "Collado Barbas, Laura"]
[Black "Sanchez Jimenez, Juan Carlos"]
[Result "1/2-1/2"]
[WhiteElo "2113"]
[BlackElo "2217"]
[PlyCount "75"]
[EventDate "2016.08.16"]
[EventType "team"]
[EventRounds "6"]
[EventCountry "ESP"]
[SourceTitle "CBM 174 Extra"]
[Source "ChessBase"]
[SourceDate "2016.10.10"]
[SourceVersion "1"]
[SourceVersionDate "2016.10.10"]
[SourceQuality "1"]
[WhiteTeam "La Casa del Ajedrez"]
[BlackTeam "Jaen Casino Primitivo"]
[WhiteTeamCountry "ESP"]
[BlackTeamCountry "ESP"]

1. d4 e6 2. c4 f5 3. g3 Nf6 4. Bg2 Be7 5. Qc2 0-0 6. Nd2 d6 7. Ndf3 Nc6 8. e3 e5 9. d5 Nb4 10. Qd2 a5 11. a3 Ne4 12. Qd1 Na6 13. Ne2 Nac5 14. b3 a4 15. b4 Nb3 16. Rb1 Qe8 17. Nd2 Nexd2 18. Bxd2 Nxd2 19. Qxd2 f4 20. Be4 fxe3 21. Qxe3 Qh5 22. 0-0 Bg5 23. f4 Bg4 24. fxg5 Bxe2 25. Rxf8+ Rxf8 26. c5 Bf3 27. cxd6 Bxe4 28. Qxe4 cxd6 29. Rf1 Qxg5 30. Rxf8+ Kxf8 31. Qf3+ Ke7 32. Qc3 Kd7 33. Qd3 Qg6 34. Qb5+ Kc7 35. Qa5+ Kb8 36. Qd8+ Ka7 37. Qa5+ Kb8 38. Qd8+ 1/2-1/2

[Event "ESP-ch rapid"]
[Site "Linares"]
[Date "2016.08.14"]
[Round "2"]
[White "Collado Barbas, Laura"]
[Black "Rodriguez Guerrero, Enrique"]
[Result "0-1"]
[WhiteElo "2113"]
[BlackElo "2426"]
[PlyCount "112"]
[EventDate "2016.08.14"]
[EventType "swiss (rapid)"]
[EventRounds "9"]
[EventCountry "ESP"]
[SourceTitle "CBM 173 Extra"]
[Source "ChessBase"]
[SourceDate "2016.08.29"]
[SourceVersion "1"]
[SourceVersionDate "2016.08.29"]
[SourceQuality "1"]

1. d4 Nf6 2. c4 c5 3. d5 b5 4. cxb5 a6 5. bxa6 g6 6. Nc3 Bxa6 7. Nf3 Bg7 8. g3 d6 9. Bg2 Nbd7 10. Rb1 0-0 11. 0-0 Qa5 12. Bd2 Rfb8 13. b3 Qa3 14. Ne1 Ne8 15. Nc2 Qa5 16. Qe1 Nc7 17. a4 Qb6 18. Qd1 Bb7 19. Na3 Nf6 20. Nc4 Qa7 21. Be1 Bc8 22. Qd3 Rb7 23. e4 Qb8 24. Qc2 Bd7 25. Bd2 Na6 26. Na2 Qd8 27. Bc3 Qf8 28. Rb2 Rc8 29. Re1 Rbb8 30. e5 Ne8 31. exd6 exd6 32. Bxg7 Nxg7 33. Qc3 f6 34. Rbe2 Nf5 35. Rb2 Nd4 36. Nc1 Re8 37. Ne3 Nb4 38. Ne2 Nf5 39. Nf4 Re5 40. Rbb1 Rbe8 41. Nd3 Nxd3 42. Qxd3 Nd4 43. b4 Bg4 44. bxc5 dxc5 45. Kh1 Bf5 46. Qc4 Bxb1 47. Rxb1 Qd6 48. a5 Nf5 49. Rb6 Qd8 50. d6+ Kh8 51. Nxf5 Rxf5 52. f4 Re1+ 53. Bf1 Qa8+ 54. Kg1 Rd5 55. Qc3 Rdd1 56. Qxf6+ Kg8 0-1